Introduction to Deep Learning : From Logical Calculus to Artificial Intelligence

Wedi'i Gadw mewn:
Manylion Llyfryddiaeth
Prif Awdur: Skansi, Sandro
Fformat: Sách
Iaith:Undetermined
Cyhoeddwyd: Springer 2018
Pynciau:
Tagiau: Ychwanegu Tag
Dim Tagiau, Byddwch y cyntaf i dagio'r cofnod hwn!
Thư viện lưu trữ: Trung tâm Thư viện - Trường Đại học Công nghiệp TP. Hồ Chí Minh
LEADER 00515nam a2200157Ia 4500
001 UIH_00400
008 230809s9999 xx 000 0 und d
082 |a 6.31 
100 |a Skansi, Sandro 
245 0 |a Introduction to Deep Learning : From Logical Calculus to Artificial Intelligence 
245 0 |c Skansi, Sandro 
260 |b Springer 
260 |c 2018 
650 |a Pattern recognition;Machine Learning; 
927 |a Sách 
980 |a Trung tâm Thư viện - Trường Đại học Công nghiệp TP. Hồ Chí Minh